Catálogo Biblioteca Central

El Grupo de Amigos de la Mayoría Cualificada. Una propuesta pragmática para la aplicación gradual de la mayoría cualificada en la Política Exterior y de Seguridad Común de la Unión Europea (Registro nro. 232463)

Detalles MARC
000 -CABECERA
campo de control de longitud fija 02030naa a2200217 i 4500
001 - NÚMERO DE CONTROL
campo de control 232463
003 - IDENTIFICADOR DEL NÚMERO DE CONTROL
campo de control ES-MaBCM
005 - FECHA Y HORA DE LA ÚLTIMA TRANSACCIÓN
campo de control 20260224131500.0
008 - CÓDIGOS DE INFORMACIÓN DE LONGITUD FIJA
campo de control de longitud fija 260224b sp ||||| |||| 00| 0 spa d
040 ## - FUENTE DE LA CATALOGACIÓN
Centro transcriptor ES-MaBCM
100 1# - PUNTO DE ACCESO PRINCIPAL - NOMBRE DE PERSONA
Nombre de persona Becerril Atienza, Belén
9 (RLIN) 4150
245 1# - MENCIÓN DE TÍTULO
Título El Grupo de Amigos de la Mayoría Cualificada. Una propuesta pragmática para la aplicación gradual de la mayoría cualificada en la Política Exterior y de Seguridad Común de la Unión Europea
Mención de responsabilidad etc. Belén Becerril Atienza
520 ## - SUMARIO, ETC.
Sumario etc. El debate sobre la posible extensión de la votación por mayoría cualificada al ámbito de la Política Exterior y de Seguridad Común es tan antiguo como la propia historia de esta política. Los obstáculos para su efectiva aplicación no han desparecido, pero el singular uso del veto ejercido por algunos Estados miembros en los últimos años y los desafíos que afronta la Unión en la escena internacional han constituido un poderoso incentivo para el cambio. La creación en 2023, a instancias de Alemania, del Grupo de Amigos de la Mayoría Cualificada, puso de manifiesto la voluntad de varios Estados miembros de dar pasos concretos para superar el veto. En este artículo se exponen las alternativas que se barajan con ese fin y la propuesta planteada por siete ministros del Grupo de Amigos en 2023. También se aborda la declaración de 2024 de los miembros del Panel de Expertos creado para asesorar al Grupo de Amigos, del que formó parte la autora de este artículo. Por último, se plantea una propuesta para avanzar en la aplicación de la mayoría cualificada, teniendo en cuenta la efectividad y legitimidad del proceso de toma decisiones.
610 27 - PUNTO DE ACCESO ADICIONAL DE MATERIA--NOMBRE DE ENTIDAD CORPORATIVA
Nombre de entidad corporativa o nombre de jurisdicción como elemento inicial Unión Europea
9 (RLIN) 52895
650 #0 - PUNTO DE ACCESO ADICIONAL DE MATERIA--TÉRMINO DE MATERIA
Término de materia o nombre geográfico como elemento inicial Política común de seguridad y defensa
9 (RLIN) 121581
650 #7 - PUNTO DE ACCESO ADICIONAL DE MATERIA--TÉRMINO DE MATERIA
Término de materia o nombre geográfico como elemento inicial Toma de decisiones
9 (RLIN) 58225
650 #0 - PUNTO DE ACCESO ADICIONAL DE MATERIA--TÉRMINO DE MATERIA
Término de materia o nombre geográfico como elemento inicial Gobernanza
9 (RLIN) 119021
651 #4 - PUNTO DE ACCESO ADICIONAL DE MATERIA--NOMBRE GEOGRÁFICO
Nombre geográfico Países de la Unión Europea
9 (RLIN) 115358
773 ## - ENLACE AL DOCUMENTO FUENTE
Lugar editor y fecha de publicación Bilbao
Parte(s) relacionada(s) n. 73 (2025), p. 29-57 - Loc. En línea
Título Cuadernos Europeos de Deusto
Número de control del registro relacionado 185052
942 ## - ELEMENTOS DE PUNTO DE ACCESO ADICIONAL (KOHA)
Fuente del sistema de clasificación o colocación Universal Decimal Classification
Tipo de ítem Koha Artículos de revistas
Existencias
Estado de retiro Estado de pérdida Fuente del sistema de clasificación o colocación Estado dañado No para préstamo Localización permanente Ubicación/localización actual Ubicación en estantería Fecha de adquisición Fuente de adquisición Total de préstamos Fecha visto por última vez Precio válido a partir de Tipo de ítem Koha
    Universal Decimal Classification     Biblioteca Central del Ministerio de la Presidencia Biblioteca Central del Ministerio de la Presidencia Sala 24/02/2026 Compra   24/02/2026 24/02/2026 Artículos de revistas